000 00847nam a2200229Ii 4500
003 JO-AjNU
008 230605s9999||||xx |||||||||||||| ||und||
017 _a2017/7/3484
020 _a978-9957-608-78-1
040 _aJO-AjNU
_bara
_erda
_cJO-AjNU
041 _aara
050 1 4 _aHV697.M873.2018
100 3 _a الموسوي، عباس نوح سليمان,
_eauthor
_961518
245 0 0 _aالارشاد الاسري: حقيبة تدريبية
250 _aالطبعة الاولى
264 3 1 _aعمان: الدار المنهجية للنشر والتوزيع، 2018
300 _a120ص
_b ويحتوي على قائمة مراجع من ص113-ص120
336 _atext
_btxt
_2rdacontent
337 _aunmediated
_bn
_2rdamedia
338 _avolume
_bnc
_2rdacarrier
650 4 _aالمشاكل الاجتماعية-الاسرة
_961519
999 _aA27811
_c31379
_d31379